Ciudadanía y política social. Tercera parte: Nuevas tendencias de la política social /

Plantea y resalta las principales novedades que se presentan en la escena local, tratando de enfatizar en las nuevas condiciones que encuentran los habitantes para darle contenidos a su ciudadanía y además observa los límites objetivos que enfrentan los procesos de descentralización impulsados en la...

全面介紹

Guardado en:
書目詳細資料
主要作者: Roberts, Bryan
格式: 未知
出版: San José: FLACSO. Programa Costa Rica
主題:
標簽: 添加標簽
沒有標簽, 成為第一個標記此記錄!

MARC

LEADER 00000 a2200000 04500
001 11799
003
008 991231s d
040
090 |a 140806  
100 |a Roberts, Bryan  
245 |a Ciudadanía y política social. Tercera parte: Nuevas tendencias de la política social /  |c Bryan Roberts 
260 |a San José:   |b FLACSO. Programa Costa Rica  
300 |a 382 p.; n. 3  
520 |a Plantea y resalta las principales novedades que se presentan en la escena local, tratando de enfatizar en las nuevas condiciones que encuentran los habitantes para darle contenidos a su ciudadanía y además observa los límites objetivos que enfrentan los procesos de descentralización impulsados en la Región, señalando los mecanismos político-institucionales que impiden una relación fluida municipalidad-sociedad civil local y el acceso de las mismas colectividades locales a la gestión de los "público-social". Hace referencia a algunos aspectos conceptuales que están en la base de esta problemática y algunas consideraciones generales sobre la situación de América Latina que enmarcan la reflexión. REV/LCL  
650 |a POLITICA SOCIAL  
650 |a SOCIEDAD CIVIL  
650 |a PARTICIPACION SOCIAL  
650 |a PARTICIPACION COMUNITARIA  
650 |a GOBIERNO LOCAL  
650 |a PODER DE LA COMUNIDAD  
650 |a DESARROLLO LOCAL  
650 |a NACIONALES  
999 |c 3007  |d 3007